Tìm hiểu về truyện trạng Việt Nam

Gồm: Tình hình nghiên cứu truyện trạng và vấn đề đặt ra; xác định truyện trạng; tổng thể truyện trạng; nghệ thuật truyện trạng; nội dung truyện trạng; so sánh truyện trạng Việt Nam với loại truyện tương tự ở một số nước....

Deskribapen osoa

Gorde:
Xehetasun bibliografikoak
Egile nagusia: Triều, Nguyên
Beste egile batzuk: Hội Văn nghệ dân gian Việt Nam
Formatua: Liburua
Hizkuntza:Undetermined
Argitaratua: H. Sân khấu 2016
Gaiak:
Sarrera elektronikoa:http://lrc.tdmu.edu.vn/opac/search/detail.asp?aID=2&ID=28143
Etiketak: Etiketa erantsi
Etiketarik gabe, Izan zaitez lehena erregistro honi etiketa jartzen!
Thư viện lưu trữ: Trung tâm Học liệu Trường Đại học Thủ Dầu Một
LEADER 01136nam a2200217Ia 4500
001 TDMU_28143
008 210410s9999 xx 000 0 und d
082 |a NULL 
090 |b TR309 
100 |a Triều, Nguyên 
245 0 |a Tìm hiểu về truyện trạng Việt Nam 
245 0 |c Triều Nguyên 
260 |a H. 
260 |b Sân khấu 
260 |c 2016 
300 |a 567 tr. 
520 |a Gồm: Tình hình nghiên cứu truyện trạng và vấn đề đặt ra; xác định truyện trạng; tổng thể truyện trạng; nghệ thuật truyện trạng; nội dung truyện trạng; so sánh truyện trạng Việt Nam với loại truyện tương tự ở một số nước. 
650 |a Văn học dân gian  |x Truyện Trạng  |z Việt Nam; Truyện Trạng  |z Việt Nam; Việt Nam  |x Văn học  |x Truyện trạng 
700 |a Hội Văn nghệ dân gian Việt Nam 
856 |u http://lrc.tdmu.edu.vn/opac/search/detail.asp?aID=2&ID=28143 
980 |a Trung tâm Học liệu Trường Đại học Thủ Dầu Một